[Event "SLO-ch U16"]
[Site "Sentjur"]
[Date "2005.03.03"]
[Round "6"]
[White "Rozman, Mitja"]
[Black "Robba, Jurij"]
[Result "1-0"]
[WhiteElo "1663"]
[BlackElo "1500"]
[PlyCount "62"]
[EventDate "2005.02.26"]
[EventType "swiss"]
[EventRounds "9"]
[EventCountry "SLO"]
[SourceTitle "CBM 105 Extra"]
[Source "ChessBase"]
[SourceDate "2005.05.01"]
[SourceVersion "1"]
[SourceVersionDate "2005.05.01"]
[SourceQuality "1"]

1. e4 e5 2. f4 exf4 3. Bc4 Qh4+ 4. Kf1 Nf6 5. Nc3 Bc5 6. d4 Bb6 7. Nf3 Qh6 8. e5 Ng4 9. Nd5 Ne3+ 10. Nxe3 fxe3 11. Qd3 0-0 12. Bxe3 Qh5 13. Kf2 d6 14. exd6 cxd6 15. Qb3 Bg4 16. Be2 Nc6 17. c3 Ne7 18. h3 Bxf3 19. Bxf3 Qf5 20. Rhf1 Ng6 21. Kg1 Nh4 22. Bxb7 Qg6 23. Bxa8 Rxa8 24. Qd5 Re8 25. Bg5 Nxg2 26. Qxg2 h6 27. Bf4 Qh5 28. Qg4 Qb5 29. Bxh6 g6 30. Qf4 Re7 31. Qf6 Qe5 1-0

[Event "SLO-ch U16"]
[Site "Sentjur"]
[Date "2005.03.02"]
[Round "5"]
[White "Robba, Jurij"]
[Black "Kopinsek, Borut"]
[Result "1-0"]
[WhiteElo "1500"]
[BlackElo "1500"]
[PlyCount "87"]
[EventDate "2005.02.26"]
[EventType "swiss"]
[EventRounds "9"]
[EventCountry "SLO"]
[SourceTitle "CBM 105 Extra"]
[Source "ChessBase"]
[SourceDate "2005.05.01"]
[SourceVersion "1"]
[SourceVersionDate "2005.05.01"]
[SourceQuality "1"]

1. e4 e5 2. Nf3 Nc6 3. Bc4 d6 4. Nc3 Bg4 5. h3 Bh5 6. d3 Be7 7. Be3 Nf6 8. Qe2 0-0 9. 0-0-0 Qd7 10. g4 Bg6 11. Nh4 Kh8 12. Nxg6+ fxg6 13. Bg5 a6 14. f3 b5 15. Bb3 Nd4 16. Qf2 Nxb3+ 17. axb3 Nxg4 18. hxg4 Bxg5+ 19. Kb1 Qxg4 20. Qh2 Qh5 21. Qg2 Qxf3 22. Qxg5 Qf6 23. Qg2 c6 24. Qh3 h6 25. Rhg1 g5 26. Rg3 Kg8 27. Rgg1 Ra7 28. Rdf1 Qe7 29. Rxf8+ Qxf8 30. Qe6+ Kh8 31. Qh3 Kg8 32. Ne2 Rf7 33. d4 Rf3 34. Qe6+ Kh8 35. dxe5 Rf1+ 36. Rxf1 Qxf1+ 37. Nc1 dxe5 38. Qxe5 g4 39. Qg3 h5 40. e5 Kg8 41. e6 Kf8 42. Qd6+ Ke8 43. Qd7+ Kf8 44. e7+ 1-0